| 000 | 00582nam a2200181Ia 4500 | ||
|---|---|---|---|
| 008 | 090630s9999 xx 000 0 und d | ||
| 082 | _b18616 | ||
| 100 | _aभावे अपर्णा. | ||
| 245 |
_aकृष्णार्पण. _cभावे अपर्णा. |
||
| 260 |
_bस्वप्न - पुणे. _c2000 |
||
| 300 | _a224 | ||
| 600 | _aभावे अपर्णा. | ||
| 630 | _aकृष्णार्पण. | ||
| 655 | _aइतर. | ||
| 700 | _aभावे अपर्णा. | ||
| 730 | _aकृष्णार्पण. | ||
| 942 | _cBOOK | ||
| 999 |
_c270472 _d270472 |
||